000 00753nam a2200217 i 4500
001 115704
003 ES-MaACL
005 20250730221500.0
007 t|
008 070503s1909 sp ||||1| spa d
080 _a929 Pedro (460.18) I
080 _a94(460.18)"1350/69"
100 1 _aTorre, Lucas de.
_9110748
245 1 4 _aLas bodas del rey Don Pedro I de Castilla /
_cpor Lucas de Torre y Franco-Romero.
260 _aMadrid :
_b[s.n.],
_c1909 (
_fImp. de la Revista de Arch., Bibl. y Museos)
300 _a32 p. ;
_c24 cm.
600 0 4 _aPedro
_bI,
_cRey de Castilla
_989923
651 _aCastilla (Reino)-
_xHistoria-
_y1350-1369, Pedro I.
_9173034
852 _aES-MaACL
_jT-1329-F-7
_q. - Ded. autógr. del autor
999 _c115704
_d115704